000
00331nam a22001337a 4500
008
250325b |||||||| |||| 00| 0 eng d
020
_a
1575253119
050
_a
PN2598
_b
.Y67
100
_a
YORK Micheal
245
_a
Dispatches from Armageddon
260
_a
California
_b
White Rose Production
_c
2001
300
_a
291p.
942
_c
BK
999
_c
2653
_d
2653